Регионална библиотека "Любен Каравелов" - Русе

Доброволци (Запис номер 173937)

MARC детайли
000 -Лидер
Контролно поле с фиксирана дължина 01284nam a2200349 c 4500
003 - Код на организацията, давaща контролен номер
Контролно поле BLK
005 - Дата и час на последна редакция
Контролно поле 20220720144744.0
008 - Елементи от данни с фиксирана дължина
fixed length control field 180411b bul|||||r ||||||| ||bul||
010 ## - Наследен системен номер
LC control number KNG00182382000
040 ## - Източник на каталожния запис
Идентификатор на билиотеката - собственик на записа BLK
041 ## - Код за език
Код за езика на текст/звукозапис или на отделно заглавие Български
Код за езика КДБФ Български
080 ## - УДК
Текстов определител УДК Българска литература
УДК код - определител по УДК 821.163.2
УДК определител -4
УДК - код + определител 821.163.2-4
080 ## - УДК
Текстов определител УДК Военна история - Военни походи, битки, героични подвизи. Вж и 93/99
УДК код - определител по УДК 355.48
УДК определител (497.2)(0:82-4)
УДК - код + определител 355.48(497.2)(0:82-4)
100 1# - Редна дума - Автор
Автор Ташев, Борис Георгиев
R(LIN) 379629
139 ## - Редно поле
Редна дума Ташев, Борис
Авторски знак Таш - Т 42
245 10 - Сведения за заглавието
Заглавие Доброволци
Подзаглавни данни Записки
Редно поле (дума) Борис Ташев.
257 ## - Страна на издаване
Страна на създаване/издаване България
260 ## - Област на издателските данни
-- София
Име на издателя, разпространителя и проч. Държ. воен. изд.
Година на издаване 1957
300 ## - Физическа характеристика
Страници 224 с.
Размери/Мащаб 18 см
380 ## - Жанр
Жанр Обществени науки
500 ## - Общи забележки
Забележка 3 000 тир.
650 #4 - Допълнително описание по предмет – тема
Основно описание – тема или топоним Военна история - България - спомени
9 (RLIN) 251305
651 #4 - Допълнително описание по предмет - топоним
Географско понятие България
9 (RLIN) 241624
653 ## - Ключова дума – ненормативна
Ключова дума Отечествена война
653 ## - Ключова дума – ненормативна
Ключова дума доброволци
653 ## - Ключова дума – ненормативна
Ключова дума записки
852 ## - Местоположение
Форматна сигнатура Цб І 1809
856 4# - Електронен адрес и достъп
Електронен формат pdf - файл
Път до файла /url/
856 4# - Електронен адрес и достъп
Електронен формат pdf - файл
Път до файла /url/
942 ## - АРТИКУЛИ
Вид на библиотечния материал Книги
Скрит в OPAC Не
944 ## - СЪЗДАВАНЕ И РЕДАКЦИЯ на ЗАПИСА
Създаване/Редакция Създаване
Дата на регистрацията/редакция 23.09.2015
Статус, дата на статуса ф /
Служител, извършил регистрацията/редакцията Камелия_Данева
944 ## - СЪЗДАВАНЕ И РЕДАКЦИЯ на ЗАПИСА
Създаване/Редакция Редакция
Дата на регистрацията/редакция 01.12.2017
Статус, дата на статуса ф /
Служител, извършил регистрацията/редакцията Людмила_Стоянова
999 ## - СИСТЕМНИ КОНТРОЛНИ НОМЕРА
Koha biblionumber 173937
Koha biblioitemnumber 173937
Наличности
Код за отписване Код за изгубен артикул Код за повреда Коз за рестрикции Код за отдаване Артикулен № Име на библиотеката - собственик Име на библиотеката, в която се намира в момента Статус (Текущо местоположение) Дата на вписване в системата Местоположение - отдел Цена в лева Инвентарен номер Систематично азбучна сигнатура Баркод Номер на екземпляра Цена в евро Служебна бележка Служебен тип на артикула
  Не е изгубен Не е повреден без рестрикции ползва се в читалня 297898 Регионална библиотека "Любен Каравелов" Русе Регионална библиотека "Любен Каравелов" Русе Хранилище 2016-11-09 Основен фонд - ползва се само за читалня 6.00 120000805503 Цб І 1809 120000805503 1 3.07 Дост: DA Вид: А N: 40 Дата: 09.11.2016 Книги
Vip Innovations Ltd, Rousse, Bulgaria 2025